[Event "CS Province-ch"]
[Site "Amantea"]
[Date "2007.01.06"]
[Round "2"]
[White "Felisio, Antonio"]
[Black "Rametta, Marcello"]
[Result "0-1"]
[WhiteElo "1455"]
[BlackElo "1792"]
[PlyCount "56"]
[EventDate "2007.01.05"]
[EventType "swiss"]
[EventRounds "5"]
[EventCountry "ITA"]
[SourceTitle "EXT 2010"]
[Source "ChessBase"]
[SourceDate "2010.11.25"]
[SourceVersion "1"]
[SourceVersionDate "2010.11.25"]
[SourceQuality "1"]

1. d4 d5 2. c4 dxc4 3. Nc3 Bf5 4. e4 Bg6 5. Bxc4 e6 6. a3 Be7 7. Nf3 Nf6 8. 0-0 Nxe4 9. Nxe4 Bxe4 10. Ne5 0-0 11. f3 Bd5 12. Bd3 Nc6 13. Ng4 f5 14. Ne3 Nxd4 15. Nxd5 Qxd5 16. Be3 Nb3 17. Rb1 Rad8 18. Bc2 Qe5 19. Qe1 Bc5 20. Kh1 Bxe3 21. Bxb3 Rd2 22. f4 Qe4 23. Rf3 Rfd8 24. Bxe6+ Qxe6 25. Rxe3 Qc6 26. Re2 Rxe2 27. Qxe2 Qe4 28. Rd1 Qxe2 0-1

[Event "CS Province-ch"]
[Site "Amantea"]
[Date "2007.01.06"]
[Round "3"]
[White "Mazzuca, Aldo"]
[Black "Felisio, Antonio"]
[Result "0-1"]
[WhiteElo "1440"]
[BlackElo "1455"]
[PlyCount "56"]
[EventDate "2007.01.05"]
[EventType "swiss"]
[EventRounds "5"]
[EventCountry "ITA"]
[SourceTitle "EXT 2010"]
[Source "ChessBase"]
[SourceDate "2010.11.25"]
[SourceVersion "1"]
[SourceVersionDate "2010.11.25"]
[SourceQuality "1"]

1. e4 e5 2. Nc3 Nf6 3. Nf3 Nc6 4. b3 Bc5 5. Bb5 0-0 6. d3 Nd4 7. Nxe5 Nxb5 8. Nxb5 c6 9. Nc3 Bd4 10. Bb2 Bxe5 11. Qf3 d6 12. h3 Qa5 13. d4 Bxd4 14. 0-0-0 Be5 15. a4 Be6 16. Qe3 Rad8 17. g4 d5 18. exd5 Bxd5 19. Nxd5 Bxb2+ 20. Kxb2 cxd5 21. Qf3 Rfe8 22. h4 b5 23. Ra1 Qb6 24. g5 Ne4 25. Rhe1 Qd4+ 26. Kb1 Nc3+ 27. Kb2 Nxa4+ 28. Kb1 Qb2# 0-1